000 00958cam a2200253 4500
008 090401t1994 xxu||||| |||| 00| 0 eng d
020 _a0906182786
035 _a(Sirsi) u20675
041 _aeng
050 _a690.24
100 _aYork, Theodore R.
245 _aIntelligent buildings.
260 _aKingston upon Thames
_bBuilding Maintenance Information
_c1994
300 _a24p. ; 30cm.
350 _a0
490 _aSerial
_v226
520 _aThis item is part of a subscription service and cannot be photocopied. Neither can any part of it be read out over the phone. Please contact BMI direct on 0171-222-7000 for details. Consists of two papers:- Access Floor: Don`t Plan Your Building Without It and Can You Afford an Intelligent Building?
650 _aACCESS FLOORS
650 _aINTELLIGENT BUILDINGS
690 _aBlock management
_96220
710 _aBuilding Maintenance Information
_93229
942 _n0
948 _c04/03/1997
999 _c87857
_d87857